000 00898nam a2200253Ia 4500
003 OSt
005 20221005110114.0
006 a|||||r|||| 00| 0
007 ta
008 221004b |||||||| |||| 00| 0 hin d
020 _a8126000147 (hbk)
_c150
024 _a94855
037 _bB308, 13/02/2009, Bharat Pustak Bhandar
_cTextual
040 _aCRL
_cCRL
_bhin
041 _2hin
_ahin
082 _aV2,1y7I83, 152L4;P8
100 _aनवलपुरी, युगजीत, अनु.
245 0 _aबाबरनामा
246 _aBābaranāmā
260 _aनई दिल्ली
_bसाहित्य अकादेमी भारत
_c2008
300 _a467पृ0
_ccm.
942 _hV2,1y7I83, 152L4;P8
_cTEXL
_2cc
999 _c1017821
_d1017821